| 000 | 00335 a2200133 4500 | ||
|---|---|---|---|
| 005 | 20250628113254.0 | ||
| 020 | _a0-07-231794-9 | ||
| 100 | _aCOLANDER, D. C | ||
| 245 | _aMicroeconomics | ||
| 250 | _a4th Ed. | ||
| 260 |
_aBoston _bMc Graw Hill _c2001 |
||
| 300 |
_axxiv, 480p.: ill; Chat, Figure, Table _bIndex _c25.2cm |
||
| 942 |
_2ddc _cBKS |
||
| 999 |
_c3662 _d3662 |
||